Quizzes
Events
Quiz Creation
Community
Videos
Private Events
Remove Ads
Sign In
Join for FREE
Feedback
Dark Mode
Quiz Categories
Sports
Geography
Music
Movies
Television
Just For Fun
Miscellaneous
History
Literature
Language
Science
Gaming
Entertainment
Religion
Holiday
For Kids
Quiz Lab
Recent
Popular Today
Quiz Kudos Today
Editor Picks
Curator Picks
Quizzes by...
Day
Popularity
Type
Ratings
Length
Year
Community
Subscriptions
Recent Discussions
Orange Saloon
Badges
Playlists
Quests
Create
Leaderboards
Showdown
Live 5
Trivia Bingo
Activity
Puzzle Library
Sporcle Events
Private Events
Virtual Trivia
Globe League
Become a Host
Pub Owners
SporcleCon
Opinionation
Our Games
Videos
Blog
Mobile Apps
Partnerships
Remove Ads and Go Orange
Feedback
Television
TV Characters
TV Show
Sitcom
Network
Friends
Reality Shows
Cast
South Park
Star Trek
The Simpsons
Doctor Who
Television
TV Characters
TV Show
Sitcom
Network
Friends
Reality Shows
Cast
South Park
Star Trek
The Simpsons
Doctor Who
Random Quiz
Search Sporcle
×
Quiz Lab
Quiz Lab
Television
Comedy
Type in answers that appear in a list
Type in answers that appear in a list
Classic
Best Score? Go Orange.
Parks and Recreation Trivia 1 Stats
Can you name the answers to these Parks and Recreation Trivia questions?
By
SmokeMonster
10m
50 Questions
2,669 Plays
2,669 Plays
2,669 Plays
Comments
Comments
Give Quiz Kudos
Give Quiz Kudos
-
- Ratings
hide this ad
Random Order
Randomize order of answers
Randomize order of answers
Replay
Link that replays current quiz
Next Quiz
Link to next quiz in quiz playlist
You Got
0%
They Got
Avg Score
36%
Avg Friend Score
Upgrade to see
Score Distribution
Jump to the score distribution portion of the page
Score
0/50
Timer
10:00
0
Plays Today
Question
Answer
% Correct
What brand is Donna's beloved car?
Mercedes Benz
64.4%
What food is Ben universally mocked for liking?
calzones
63.6%
What is Ron Swanson's jazz musician alter-
ego?
Duke Silver
62.8%
What book series did Pawnee resident Kelly Larson insist must be placed in a time capsule?
Twilight
62.5%
What is Tom's '140-
proof' liquor called?
Snake Juice
62.2%
What is the name of Jean-
Ralphio's multimedia company?
Entertainment 720
57.2%
What inappropriate object did Ron Swanson give to a young girl?
a landmine
55.4%
What is Leslie's favorite restaurant in Pawnee?
J.J.'s Diner
54.8%
What is the name of the song Andy writes for Lil' Sebastian's memorial service?
5,000 Candles in the Wind
54.3%
What is the name of the local gay bar that hold a party in Leslie's honor in 'Pawnee Zoo'?
The Bulge
53.5%
Why is Ron stuck in his chair all day in the episode 'The Stakeout'?
a hernia
52.7%
Which Parks department employee donated money to David Duke, because 'he promised to lower taxes'?
Donna
49.9%
What Pawnee department gets all the hottest interns?
Sewer Department
48.1%
What device invented by Tom did Jerry accidentally kill (like everything he touches, goddammit) in the episode 'Sweetums'?
DJ Roomba
46.9%
Who is the criminal mastermind responsible for vandalizing the statue of Mayor Percy every Halloween?
Greg Pikitis
46.5%
Who are the hosts of Pawnee's top morning radio show?
Crazy Ira and the Douche
44.6%
What's the name of April's younger sister?
Natalie
43.9%
What's the name of Perd Hapley's TV show?
Ya Heard with Perd
43.6%
What is April's favorite band?
Neutral Milk Hotel
43.6%
What Pawnee politican admitted to having had a four-
way in a Brazilian cave?
Councilman Bill Dexhart
43.4%
What floor of Pawnee City Hall is regarded with horror by nearly everyone?
4th floor
42.9%
What was the profession of Leslie's terrible date (played by Poehler's actual husband) in the episode 'The Set-
Up'?
MRI technician
42.7%
What does the air smell like in the neighboring town of Eagleton
vanilla
40.2%
What's the name of the 'health bars' that Leslie eats to stay awake in 'Telethon'?
Nutri-Yum bars
37.1%
What was the nickname of the infamous possum that menaced the local golf course?
Fairway Frank
36.8%
Question
Answer
% Correct
What verbal faux-
pas does Jerry make in 'The Camel' that caused the rest of the department to mercilessly mock him?
murinal
35%
What evidence of Chris potentially cheating on Ann does Leslie find in 'Indianapolis'?
women's razor and pink swim cap
33.6%
What former basketball star was supposed to appear at Pawnee's diabetes telethon?
Detlef Schrempf
32.4%
Where was Tom working when Leslie found him to 'assemble the team' in 'Go Big or Go Home'?
Lady Foot Locker
32.3%
What outdated website do multiple Pawnee residents profess to use in the episode 'Media Blitz'?
AltaVista
32.1%
What actress played Ron Swanson's second ex-
wife and is also Nick Offerman's real-
life wife?
Megan Mullally
31.5%
What item does Andy get at Grain n' Simple in the episode 'Soulmates'?
a pinwheel
30.6%
What university does Lil Sebastian have an honorary degree from?
University of Notre Dame
29.8%
What disease does Chris discover he has in 'Lil' Sebastian'?
tendonitis
28.7%
Complete the quote from the episode 'Telethon': 'The story of this dance is that it's called _
_
_
_
_
_
_
.'
the worm
27.5%
Where does Jerry suggest the department go to cheer up Tom following his divorce?
Jurassic Fork
26%
What famous coach does Ron emulate in the episode 'Go Big or Go Home'?
Bobby Knight
24.7%
What fictional character matches Leslie's ideal date description?
The Phantom of the Opera
23%
Who is a 'perfect ten' on Ron's scale of attractiveness?
Steffi Graf
21.6%
What African-
American actor does Tom repeatedly compare himself to?
Taye Diggs
21.3%
Complete the quote from the episode 'Media Blitz': 'Who doesn't have _
_
_
_
_
_
_
_
_
_
_
?'
gay thoughts
20.2%
What phrases does Andy include in EVERY SINGLE song he writes? (you only have to name 1 of the 2)
'spread your wings and fly' or 'you deserve to be a champion
18.9%
What was the name of Pawnee's Venezuelan sister city?
Boraqua
18%
What does Tom call his luxury tent in the episode 'Camping'?
The Thunderdome
12.8%
When a flu-
ridden Leslie is introducing Ben to the Pawnee Chamber of Commerce, what does she call him?
Scott Bakula from Quantum Leap
10.2%
Who played Tom's bartender girlfriend Lucy?
Natalie Morales
10.2%
What book does Leslie insist Anne read to prepare for an interview for a job in the Pawnee Health Department?
Freedom by Jonathan Franzen
9.2%
Who plays the city attorney in the episode 'Kaboom'?
H. Jon Benjamin
8.5%
Who played Marlene Knope's long-
lost love in the episode 'Galentine's Day'?
John Larroquette
8.5%
What items does April get at Food and Stuff in the episode 'Soulmates'?
two dead crows
5.4%
Quiz Playlist
Details
Report
Send in Message
Add To Playlist
Classic:
Type in answers that appear in a list
Random Order:
Randomize order of answers
Last Updated: Aug 29, 2017
Quiz Scoreboard
CHALLENGE
Sign Up to Join the Scoreboard
Show All
Scores
Hide
Comments
May contain spoilers
Recently Published
Movies - When Are They Set?
by FPL_Elf
Movies
5m
Popular People in 1961
by mucciniale
History
6m
1-10 Letter E Words III
by El_Dandy
Language
2m
More to Explore
Quiz From the Vault
Featured Blog Post
Where Did the Easter Bunny Come From?
hide this ad
You Might Also Like...
Tags
Amy Poehler
Comedy
Parks and Recreation
Today's Top Quizzes in Television
Browse Television
hide this ad
Today's Top Quizzes in Comedy
Browse Comedy
Top Contributed Quizzes in Television
1
One Piece Logic Puzzle
2
Survivor Logic Puzzle: Heroes vs. Villains
3
Survivor Seasons
4
Survivor Season by Logo
5
Survivor Trivia
6
One Thing in Common: Television
7
Who Wants to Be a Millionaire?
8
Survivor Logic Puzzle: Winners at War
9
Ultimate Survivor Logic Puzzle
10
Phoebe Buffay Quotes
Explore More
Trending Topics
NBA
Crossword
Disney
Anime
Marvel
Kpop
Harry Potter
WWE
Puzzle
NFL
The Office
Soccer
Song
Country
Pokémon
hide this ad
More By:
SmokeMonster
Quiz
Plays
Rating
Category
Featured
Created
Parks and Recreation Trivia 1
2,669
2.89
Television
Jun 6, 2011
2000's Screenplay Oscar nominees
1,282
3.89
Movies
Feb 3, 2010
Pokemon Equivalents of Animals
764
4.00
Gaming
Jan 31, 2010
Golden Globe Comedy/Musical Actor 2000's
578
3.40
Movies
Mar 23, 2010
Golden Globe Comedy/Music Actress 2000's
545
5.00
Movies
Mar 23, 2010
Go to Creator's Profile
Score Distribution
Quiz Creator Spotlight
SmokeMonster
Follow
Send a Message
Quizzes Created
-
Created Quiz Play Count
-
More By This Creator
Popular Quizzes Today
1
Find the Countries of Europe - No Outlines Minefield
2
Find the US States - No Outlines Minefield
3
The Countries of the World
4
Popular People in 1961
5
1-10 Letter E Words III
6
US States
7
Find the US States
8
One Thing in Common: World Cities II
More Television Quizzes
Arrested Development Quotes II
Curator's Pick
Trending Quizzes
Risky Map Clicking: Least Populous States A-Z
Humor Books: The Subtitles
1-10 Letter F Words
1-10 Letter G Words
One Thing in Common: United Kingdom
Recently Updated
Leaping Animals
pecheneg
Reality TV Shows (A-Z)
bhenderson79
Rickey Henderson's Hall of Fame Teammates
pecheneg
Champions League XIs: Arsenal
pecheneg
Quick Pick: Celebrities in WWE's Hall of Fame
aduchscher
A-Z Keypad Blitz II
pecheneg
Multiple Oscar Actors
pecheneg
Mystery Phrase Blitz: Oscar 'Best Actors'
pecheneg
F. Scott Fitzgerald Novels
LTH
Pick 3 Villains
ddd62291
Trending Topics
NBA
Disney
Anime
Kpop
Crossword
Marvel
Harry Potter
Soccer
WWE
Pokémon
NFL
Puzzle
Song
The Office
Country
Your Account Isn't Verified!
In order to create a playlist on Sporcle, you need to verify the email address you used during registration. Go to your
Sporcle Settings
to finish the process.
Report this User
Report this user for behavior that violates our
Community Guidelines
.
Details:
Send Report
Go to the Sporcle.com Mobile Site →
Comments